Sobre la autonomía del Banco Central

Gespeichert in:
Bibliographische Detailangaben
1. Verfasser: Morandé Lavín, Felipe Guillermo (autor)
Format: Buch
Sprache:Spanisch
Veröffentlicht: Santiago ILADES 1989
Schriftenreihe:Serie Ensayo
Schlagworte:
Tags: Tag hinzufügen
Keine Tags, Fügen Sie den ersten Tag hinzu!

MARC

LEADER 00000nam a2200000 a 4500
001 UCW9896
003 CL-VaPUC
008 890705e19890000CL |||||||||||||||||spa|d
082 0 4 |a 332.11  |b MOR  |2 21 
100 |a Morandé Lavín, Felipe Guillermo  |e autor  |9 562483 
245 1 0 |a Sobre la autonomía del Banco Central 
300 |a 12 p 
942 |c BK 
945 |d 19890705 00:00:00 
260 |a Santiago  |b ILADES  |c 1989 
500 |a Publicación del Programa de Post-Grado en Economía-Ilades-Georgetown University 
600 0 7 |a BANCO CENTRAL DE CHILE  |2 CL-VaPUC  |9 315360 
583 |a last modification  |c 19890705 00:00:00  |k Rodrigo Vera 
490 0 |a Serie Ensayo 
999 |c 221741  |d 221739